02283nam a2200373 a 4500008004100000020001800041041000800059100003000067245008500097250004200182260005000224300002800274500013700302653004200439653008400481653006300565653004100628653009700669653008200766653007200848653009300920653009401013653008201107653010601189653010401295653010501399653003601504653009801540653008201638653010801720653001701828653003501845700002901880130729t2015 ag a|||f |||| 001 0 spa d a9789874579201 aspa1 aCalandra, Ricardo S.eEd. aFisiopatología molecular y clínica endocrinológica /cRicardo S. Calandra a1a ed.bPrólogo Eduardo H. Charreau aBuenos Aires:bEli Lilly Interamerica;c2015. a1370 p.b28x21 cm.eil. aCalandra, R. S. y Barantoni, M. B. (2015). Fisiopatología molecular y clínica endocrinológica. (1a ed.). Buenos Aires : Lilly. aPrincipios de biología y genética aTécnicas moleculares y modelos utilizados en el laboratorio endocrinológico aBases de la inmunología. interacciones inmunoendocrinas. aIntroducción a la endocrinología aNeuroendocrinología: Bases fisiológicas, fisiopatológicas, diagnóstico y tratamiento aHormonas producidas por el corazón: bases fisiológicas y fisiopatología aHormonas gastrontestinales: bases fisiológicas y fisiopatología aCorteza suprarrenal: bases fisiológicas, fisiopatología, diagnóstico y tratamiento aMédula suprarrenal: bases fisiológicas, fisiopatología, diagnóstico y tratamiento aTiroides: bases fisiológicas, fisiopatología, diagnóstico y tratamiento aMetabolismo del fosfóro/calcio: bases fisiológicas, fisiopatología, diagnóstico y tratamiento aFuncion reproductiva masculina: bases fisiológicas, fisiopatología, diagnóstico y tratamiento aFunción reproductiva femenina: bases fisiológicas, fisiopatología, diagnóstico y tratamiento aBiología de la reproducción aMenopausia y andropausia: bases fisiológicas, fisiopatología, diagnóstico y tratamiento aCánceres hormonodependientes: fisiopatología, diagnóstico y tratamiento aDiabetes Mellitus: bases fisiológicas, fisiopatología, diagnóstico, clasificación y tratamiento aHipoglucemia aNutrición y endocrinología1 aBarantoni, Marta B.eEd.